Countries of the EU - Map Quiz - Statistics

General Stats
  • This quiz has been taken 62 times
  • The average score is 15 of 27
Answers on the Map
Answers color-coded by a green-red scale on the quiz's map according to % correct below.
 
Answer Stats
Answer % Correct
Ireland
74%
Italy
70%
Luxembourg
70%
France
67%
Portugal
67%
Finland
63%
Germany
63%
Malta
63%
Netherlands
63%
Spain
63%
Denmark
59%
Belgium
56%
Cyprus
56%
Estonia
56%
Greece
56%
Sweden
56%
Austria
52%
Poland
52%
Bulgaria
48%
Croatia
48%
Lithuania
48%
Czech Republic
44%
Hungary
44%
Romania
44%
Slovenia
41%
Latvia
37%
Slovakia
37%
No matching quizzes found
Score Distribution
Percent of People with Each Score
Percentile by Number Answered
Your Score History
You have not taken this quiz